| 000 | 01391nam a2200337Ia 4500 | ||
|---|---|---|---|
| 001 | ebr10223272 | ||
| 003 | CaPaEBR | ||
| 006 | m u | ||
| 007 | cr cn||||||||| | ||
| 008 | 080831s2008 maua sb 000 0 eng d | ||
| 010 | _z 2007935492 | ||
| 020 | _z9783764384814 | ||
| 020 | _z9783764384821 (ebook) | ||
| 040 |
_aCaPaEBR _cCaPaEBR |
||
| 035 | _a(OCoLC)648369223 | ||
| 050 | 1 | 4 |
_aQA371 _b.D445 2008eb |
| 245 | 0 | 0 |
_aDifferential equations, chaos and variational problems _h[electronic resource] / _cVasile Staicu, editor. |
| 260 |
_aBoston ; _aBasel : _bBirkhauser, _c2008. |
||
| 300 |
_axiii, 435 p. : _bill. |
||
| 490 | 1 |
_aProgress in nonlinear differential equations and their applications ; _vv. 75 |
|
| 504 | _aIncludes bibliographical references. | ||
| 533 |
_aElectronic reproduction. _bPalo Alto, Calif. : _cebrary, _d2009. _nAvailable via World Wide Web. _nAccess may be limited to ebrary affiliated libraries. |
||
| 650 | 0 | _aDifferential equations. | |
| 650 | 0 | _aCalculus of variations. | |
| 650 | 0 | _aChaotic behavior in systems. | |
| 655 | 7 |
_aElectronic books. _2local |
|
| 700 | 1 | _aStaicu, Vasile. | |
| 710 | 2 | _aebrary, Inc. | |
| 830 | 0 |
_aProgress in nonlinear differential equations and their applications ; _vv. 75. |
|
| 856 | 4 | 0 |
_uhttp://site.ebrary.com/lib/rucke/Doc?id=10223272 _zAn electronic book accessible through the World Wide Web; click to view |
| 999 |
_c132678 _d132678 |
||